Catálogo
 En Linea

La divina commedia : (Registro nro. 17523)

Detalles MARC
000 -CABECERA
campo de control de longitud fija 00671cam a2200205 a 4500
001 - NÚMERO DE CONTROL
campo de control 000018001
005 - FECHA Y HORA DE LA ÚLTIMA TRANSACCIÓN
campo de control 20200929165319.0
008 - DATOS DE LONGITUD FIJA--INFORMACIÓN GENERAL
campo de control de longitud fija 760224s1949 it 000 p ita d
040 ## - FUENTE DE LA CATALOGACIÓN
Centro catalogador/agencia de origen DO-SdBNP
Lengua de catalogación ita
Centro/agencia transcriptor LC
Centro/agencia modificador BNPHU
082 ## - NÚMERO DE LA CLASIFICACIÓN DECIMAL DEWEY
Número de clasificación 851.1
Número de documento/Ítem D192d
049 ## - FONDOS LOCALES (OCLC)
Fondos de biblioteca BNGR
100 0# - ENTRADA PRINCIPAL--NOMBRE DE PERSONA
Nombre de persona Dante Alighieri,
Fechas asociadas al nombre 1265-1321.
9 (RLIN) 4992
245 13 - MENCIÓN DE TÍTULO
Título La divina commedia :
Resto del título inferno /
Mención de responsabilidad, etc. Dante Alighieri ; notas Lodovico Magugliani.
260 ## - PUBLICACIÓN, DISTRIBUCIÓN, ETC.
Lugar de publicación, distribución, etc. Milano :
Nombre del editor, distribuidor, etc. Rizzoli,
Fecha de publicación, distribución, etc. 1949.
300 ## - DESCRIPCIÓN FÍSICA
Extensión 189 p. ;
Dimensiones 16 cm.
650 #4 - PUNTO DE ACCESO ADICIONAL DE MATERIA--TÉRMINO DE MATERIA
Término de materia o nombre geográfico como elemento de entrada Poesía italiana
Subdivisión cronológica ANTERIOR A 1400
9 (RLIN) 39030
650 #4 - PUNTO DE ACCESO ADICIONAL DE MATERIA--TÉRMINO DE MATERIA
Término de materia o nombre geográfico como elemento de entrada Literatura italiana
Subdivisión cronológica ANTERIOR A 1400
9 (RLIN) 13826
700 1# - PUNTO DE ACCESO ADICIONAL--NOMBRE DE PERSONA
Nombre de persona Magugliani, Lodovico.
9 (RLIN) 39031
910 ## - DATOS DE OPCIÓN DEL USUARIO (OCLC)
Datos de opción del usuario Catalogación derivada
Existencias
Estado de retiro Estado de pérdida Restricciones de uso No para préstamo Código de colección Localización permanente Ubicación/localización actual Ubicación en estantería Fecha de adquisición Número de inventario Total de préstamos Signatura topográfica completa Código de barras Fecha visto por última vez Precio válido a partir de Tipo de ítem Koha
        Monografías: Libros y Folletos General General En catalogación 08.04.2010 LF1   851.1 D192d 18001-10 25.06.2020 25.06.2020 Préstamo en sala

Con tecnología Koha